Fundamentos de estadística para administración y economía
Enregistré dans:
| Auteurs principaux: | , |
|---|---|
| Format: | Livre |
| Langue: | espagnol |
| Publié: |
Ciudad de México
Limusa
1979
|
| Sujets: | |
| Tags: |
Ajouter un tag
Pas de tags, Soyez le premier à ajouter un tag!
|
MARC
| LEADER | 00000nam a2200000 a 4500 | ||
|---|---|---|---|
| 001 | UCR8047 | ||
| 003 | CL-VaPUC | ||
| 008 | 980519e19790000MX |||||||||||||||||spa|d | ||
| 082 | 0 | 4 | |a 519.5 |b WON |2 21 |
| 100 | 0 | |a Wonnacott, Thomas H |e author |9 409675 | |
| 700 | 0 | |a Wonnacott, Ronald J |e author |9 409676 | |
| 245 | 1 | 0 | |a Fundamentos de estadística para administración y economía |
| 300 | |a 623 p | ||
| 942 | |c BK | ||
| 945 | |d 19980519 00:00:00 |a crobeson | ||
| 260 | |a Ciudad de México |b Limusa |c 1979 | ||
| 650 | 0 | |a Estadística |9 259535 | |
| 650 | 0 | |a Administración de empresas |9 260833 | |
| 650 | 0 | |a Economía |9 255568 | |
| 583 | |a last modification |c 19980519 00:00:00 |k Rodrigo Vera | ||
| 999 | |c 269613 |d 269611 | ||
| 952 | |0 0 |1 0 |4 0 |6 519_500000000000000_WON_1979 |7 0 |8 A |9 303408 |a BIBGIM |b BIBGIM |d 2019-11-20 |i 1402706 |o 519.5 WON 1979 |p 1402706 |r 2025-01-15 |w 2019-11-20 |y BK |k COM | ||